Music Quiz

Random Music or Rock Quiz
Score 0/25 Timer 08:00
2 Plays Today
% Correct
Elvis Presley
96.6%
John Lennon
94.2%
Prince
92.9%
Elton John
92.2%
Freddie Mercury
89.7%
The Blues Brothers (Jake and Elwood)
87.8%
Ozzy Osbourne
87.2%
Ray Charles
86.8%
Stevie Wonder
85.2%
Lenny Kravitz
85.2%
Roy Orbison
78.8%
Bob Dylan
76.7%
Ringo Starr
76.6%
% Correct
B.B. King and Eric Clapton
72.5%
Bruce Springsteen
70.5%
ZZ Top (Billy Gibbons, Dusty Hill, Frank Beard)
68.9%
Diddy
68.7%
Carlos Santana
67.4%
Billy Joel
66%
George Harrison
63.9%
Lou Reed
60.2%
CeeLo Green
58.9%
Elvis Costello
58.1%
Miles Davis
56.6%
Joey Ramone
51%

You're not logged in!

Compare scores with friends on all Sporcle quizzes.
OR
Log In

Sporcle TV

Today on Sporcle TV


Watch our educational content, quiz creation guides, and fun videos on Sporcle TV.

Show Comments

Extras

Top Quizzes Today


Score Distribution

Paid Content

Your Account Isn't Verified!

In order to create a playlist on Sporcle, you need to verify the email address you used during registration. Go to your Sporcle Settings to finish the process.

Report this User

Report this user for behavior that violates our Community Guidelines.

Details: